My Cousin Rachel (Record no. 8801)
[ view plain ]
| 000 -LEADER | |
|---|---|
| fixed length control field | 00391 a2200145 4500 |
| 020 ## - INTERNATIONAL STANDARD BOOK NUMBER | |
| International Standard Book Number | 1844080404 |
| 082 ## - DEWEY DECIMAL CLASSIFICATION NUMBER | |
| Classification number | 823.912 |
| 090 ## - LOCALLY ASSIGNED LC-TYPE CALL NUMBER (OCLC); LOCAL CALL NUMBER (RLIN) | |
| -- | 4924 |
| -- | 4924 |
| 100 ## - MAIN ENTRY--PERSONAL NAME | |
| Personal name | Du Maurier, Daphne. |
| 245 ## - TITLE STATEMENT | |
| Title | My Cousin Rachel |
| Statement of responsibility, etc. | Daphne Du Maurier |
| 260 ## - PUBLICATION, DISTRIBUTION, ETC. | |
| Place of publication, distribution, etc. | London: |
| Name of publisher, distributor, etc. | Virago Press, |
| Date of publication, distribution, etc. | 2003. |
| 300 ## - PHYSICAL DESCRIPTION | |
| Extent | 333 p. ; |
| Dimensions | 20 cm. |
| 650 ## - SUBJECT ADDED ENTRY--TOPICAL TERM | |
| Topical term or geographic name entry element | 1.Romantic Suspense Novels.2.Love Stories. |
| 942 ## - ADDED ENTRY ELEMENTS (KOHA) | |
| Koha item type | Book |
| Call number prefix | 823.912 DUM |
| Withdrawn status | Lost status | Damaged status | Not for loan | Collection code | Permanent Location | Current Location | Shelving location | Date acquired | Source of acquisition | Cost, normal purchase price | Total Checkouts | Full call number | Barcode | Checked out | Date last seen | Date last checked out | Price effective from | Koha item type |
|---|---|---|---|---|---|---|---|---|---|---|---|---|---|---|---|---|---|---|
| Central Library (CL) | Central Library (CL) | Fiction | 06/04/2005 | Academic Book Company | 504.00 | 2 | 823.912 DUM | SEECS005842 | 10/04/2018 | 10/04/2018 | 10/04/2018 | 01/05/2017 | Book |
